Vainqueurs du Grand Prix de Bahreïn de Formule 1 - Statistiques

Statistiques générales
  • Ce quiz a été pris 387 fois
  • Le résultat moyen est 18 sur 20
Statistiques - réponses
Année Circuit Vainqueur Ecurie % Correct
2014 Sakhir Lewis Hamilton Mercedes
99%
2015 Sakhir Lewis Hamilton Mercedes
99%
2019 Sakhir Lewis Hamilton Mercedes
99%
2020 Sakhir Lewis Hamilton Mercedes
99%
2021 Sakhir Lewis Hamilton Mercedes
99%
2022 Sakhir Charles Leclerc Ferrari
97%
2012 Sakhir Sebastian Vettel Red Bull
97%
2013 Sakhir Sebastian Vettel Red Bull
97%
2017 Sakhir Sebastian Vettel Ferrari
97%
2018 Sakhir Sebastian Vettel Ferrari
97%
2020 Sakhir (Outer Track) Sergio Pérez Racing Point
97%
2005 Sakhir Fernando Alonso Renault
95%
2006 Sakhir Fernando Alonso Renault
95%
2010 Sakhir (WEC track) Fernando Alonso Ferrari
95%
2004 Sakhir Michael Schumacher Ferrari
93%
2016 Sakhir Nico Rosberg Mercedes
92%
2009 Sakhir Jenson Button Brawn GP
85%
2007 Sakhir Felipe Massa Ferrari
78%
2008 Sakhir Felipe Massa Ferrari
78%
2023 Sakhir Max Verstappen Red Bull
55%
Aucun quiz correspondant
Distribution des résultats
% des personnes avec chaque résultat
Percentile par nombre de réponses
Votre historique - résultats
Vous n’avez pas pris ce quiz